00941nam a2200241Ia 4500003000900000008004100009020001800050040001600068080001700084111009200101245015600193260003400349300001300383650004100396650002000437650003000457650002500487700003000512700003200542942000700574999001500581952010300596IN-BaIIA211028s9999 xx 000 0 eng d a3-540-08342-1 cIIA Library a519.713bAUT aColloquium on Automata, Languages and Programmingn4thcFinlandd1977 July 18-22910279 0aAutomata, languages and programmingbforth colloquium held in university of Turku, Finland July 18-22,1977cedited by Arto Salomaa and Magnus Steinby aBerlinbSpringer-Verlagc1977 ax, 569p. aAstronomy and Astrophysics Thesaurus aAutomata910280 aComputer Languages910281 aComputer Programming aSalomaa, Arto, ed.910282 aSteinby, Magnus.,ed.910283 cBK c5930d5930 00104070aBANbBANcGENd1978-08-18l0o519.713/ AUTp6626r2021-11-05w1978-08-18yBKGDM 41.00